000 00429nam a2200157 a 4500
005 20140412111409.0
008 070817s19uu xx 00 eng d
020 _a981-00-8931-7
050 _aER
_bBe38Sh 1995
100 _aHewitt, Sally
245 _aBear's sticker book: Shapes /
_cSally Hewitt.
260 _aSingapore :
_bQuarto childrens books,
_c1995.
300 _a1 v. (unpaged)
650 _aShapes
999 _c105626
_d105626